000
00242nam a22001097a 4500
040
_c
SK
082
_a
338
100
_a
នុត សាឡន
245
_a
ស្ថិតិវិទ្យា
260
_a
RUA
_b
នុត
_c
2010
942
_c
KB
999
_c
10349
_d
10349